MARC details
| 000 -CABECERA |
| campo de control de longitud fija |
01835nam a2200313 i 4500 |
| 001 - NÚMERO DE CONTROL |
| campo de control |
000016698 |
| 003 - IDENTIFICADOR DEL NÚMERO DE CONTROL |
| campo de control |
DO-SdBNP |
| 005 - FECHA Y HORA DE LA ÚLTIMA TRANSACCIÓN |
| campo de control |
20251028111927.0 |
| 007 - CAMPO FIJO DE DESCRIPCIÓN FÍSICA--INFORMACIÓN GENERAL |
| campo de control de longitud fija |
ta |
| 008 - DATOS DE LONGITUD FIJA--INFORMACIÓN GENERAL |
| campo de control de longitud fija |
100309s1974 dr 000 0 spa d |
| 040 ## - FUENTE DE LA CATALOGACIÓN |
| Centro catalogador/agencia de origen |
DO-SdBNP |
| Lengua de catalogación |
spa |
| Centro/agencia transcriptor |
BNPHU |
| Normas de descripción |
rda |
| 041 ## - CÓDIGO DE LENGUA |
| Código de lengua del texto/banda sonora o título independiente |
spa |
| 082 #4 - NÚMERO DE LA CLASIFICACIÓN DECIMAL DEWEY |
| Número de clasificación |
465 |
| Número de documento/Ítem |
B171a |
| Número de edición |
22 |
| 100 1# - ENTRADA PRINCIPAL--NOMBRE DE PERSONA |
| Nombre de persona |
Balaguer, Joaquín, |
| Fechas asociadas al nombre |
1906-2002 |
| Término indicativo de función/relación |
autor |
| 9 (RLIN) |
76556 |
| 245 10 - MENCIÓN DE TÍTULO |
| Título |
Apuntes para una historia prosódica de la métrica castellana / |
| Mención de responsabilidad, etc. |
Joaquín Balaguer. |
| 264 ## - PRODUCCIÓN, PUBLICACIÓN, DISTRIBUCIÓN, FABRICACIÓN Y COPYRIGHT |
| Producción, publicación, distribución, fabricación y copyright |
Santo Domingo : |
| Nombre del de productor, editor, distribuidor, fabricante |
Talleres Fuentes Impresores, |
| Fecha de producción, publicación, distribución, fabricación o copyright |
1974 |
| 300 ## - DESCRIPCIÓN FÍSICA |
| Extensión |
209 páginas ; |
| Dimensiones |
24 cm. |
| 336 ## - TIPO DE CONTENIDO |
| Término de tipo de contenido |
rdacontent |
| Código de tipo de contenido |
texto |
| Fuente |
txt |
| 337 ## - TIPO DE MEDIO |
| Nombre/término del tipo de medio |
rdamedia |
| Código del tipo de medio |
sin mediación |
| Fuente |
n |
| 338 ## - TIPO DE SOPORTE |
| Nombre/término del tipo de soporte |
rdacarrier |
| Código del tipo de soporte |
volumen |
| Fuente |
nc |
| 500 ## - NOTA GENERAL |
| Nota general |
Incluye datos biográficos del autor en las solapas de las cubierta. |
| 504 ## - NOTA DE BIBLIOGRAFÍA, ETC. |
| Nota de bibliografía, etc. |
Incluye referencias bibliográficas y notas al pie de las páginas. |
| 505 ## - NOTA DE CONTENIDO CON FORMATO |
| Nota de contenido con formato |
Prefacio. |
| Título |
Las ideas de Nebrija acerca de la versificación castellana.-- |
| -- |
La verdadera teoría de verso de arte mayor.-- |
| -- |
La doctrina de Andrés Bello.-- |
| -- |
La teoría de Hansen.-- |
| -- |
Teoría de Morel Fatio.-- |
| -- |
La teoría de Foulché Delbosc.-- |
| -- |
Carácter indígena del arte mayor.-- |
| Información miscelánea |
I (109). -II (123). III (132). |
| Título |
Evolución del verso de arte mayor.-- |
| -- |
Del arte de Juan de Mena al de Rubén Darío.-- |
| -- |
El endecasílabo de arte mayor y el endecasílabo italiano.-- |
| -- |
Palabras con dos acentos rítmicos.-- |
| -- |
La acentuación de los monosílabos en la versificación castellana. |
| Información miscelánea |
I (205).-II (216). |
| Título |
La dislocación del acento en el verso castellano.-- |
| -- |
En torno a un pretendido vicio prosódico de los poetas hispanos americanos. |
| Información miscelánea |
I (245) .-II (253) .-III (256) .-IV (263) .- V (267). |
| 590 ## - NOTA LOCAL (RLIN) |
| Nota local |
Inventariado 2023 / MF |
| 650 #4 - PUNTO DE ACCESO ADICIONAL DE MATERIA--TÉRMINO DE MATERIA |
| Término de materia o nombre geográfico como elemento de entrada |
Español |
| Subdivisión general |
Versificación |
| 9 (RLIN) |
21815 |
| 650 #4 - PUNTO DE ACCESO ADICIONAL DE MATERIA--TÉRMINO DE MATERIA |
| Término de materia o nombre geográfico como elemento de entrada |
Versificación |
| Subdivisión general |
Arte de Escribir |
| 9 (RLIN) |
15435 |
| 910 ## - DATOS DE OPCIÓN DEL USUARIO (OCLC) |
| Datos de opción del usuario |
MF |
| 942 ## - ELEMENTOS DE PUNTO DE ACCESO ADICIONAL (KOHA) |
| Fuente del sistema de clasificación o colocación |
Dewey Decimal Classification |
| Tipo de ítem Koha |
Libro |